[Event "GER CCM-E01-D email"]
[Site "GER email"]
[Date "2017.06.26"]
[Round "?"]
[White "Elias, Holger"]
[Black "Pranitchi, Teodor"]
[Result "1-0"]
[WhiteElo "2125"]
[BlackElo "2189"]
[PlyCount "99"]
[EventDate "2017.??.??"]
[EventType "tourn (corr)"]
[EventRounds "13"]
[EventCountry "GER"]
[SourceTitle "Corr 2020"]
[Source "ChessBase"]
[SourceDate "2019.09.30"]
[SourceVersion "1"]
[SourceVersionDate "2019.09.30"]
[SourceQuality "1"]

1. d4 c6 2. c4 d6 3. e4 Qc7 4. Nc3 e5 5. Nf3 Bg4 6. Be3 Nd7 7. Be2 Ngf6 8. 0-0 Be7 9. d5 0-0 10. Nd2 Bxe2 11. Qxe2 Rfc8 12. Rfc1 a6 13. b3 Qd8 14. a4 a5 15. Rab1 Ne8 16. Nf3 Nc7 17. h3 Na6 18. Rd1 Qf8 19. Nh2 Nac5 20. Rb2 Qd8 21. Nf3 Ra6 22. Qc2 Rb6 23. g3 Ra8 24. h4 g6 25. Kg2 Qf8 26. h5 f5 27. hxg6 hxg6 28. Rh1 f4 29. gxf4 exf4 30. Bxc5 Nxc5 31. Rbb1 Qg7 32. dxc6 bxc6 33. Rh2 Rd8 34. e5 dxe5 35. Rbh1 Bf6 36. Ne4 Nxe4 37. Qxe4 c5 38. Rh6 Rd7 39. Qa8+ Rd8 40. Qe4 Rd7 41. R1h3 Re6 42. Kh2 Bd8 43. Qa8 Red6 44. Ng5 Rd3 45. R3h4 Rd1 46. Qc8 e4 47. Qc6 Bxg5 48. Qe6+ Rf7 49. Rh8+ Qxh8 50. Qe8+ 1-0

[Event "GER CCM-E01-D email"]
[Site "GER email"]
[Date "2017.06.26"]
[Round "?"]
[White "Flor Trejo, Remigio"]
[Black "Pranitchi, Teodor"]
[Result "1/2-1/2"]
[WhiteElo "2149"]
[BlackElo "2189"]
[PlyCount "55"]
[EventDate "2017.??.??"]
[EventType "tourn (corr)"]
[EventRounds "13"]
[EventCountry "GER"]
[SourceTitle "Corr 2020"]
[Source "ChessBase"]
[SourceDate "2019.09.30"]
[SourceVersion "1"]
[SourceVersionDate "2019.09.30"]
[SourceQuality "1"]

1. f4 d5 2. Nf3 g6 3. e3 Bg7 4. Be2 Nf6 5. 0-0 0-0 6. Nc3 b6 7. d4 Ba6 8. Bxa6 Nxa6 9. Bd2 c5 10. Ne5 Nc7 11. Qe2 Nce8 12. dxc5 bxc5 13. Be1 Nd6 14. Rd1 e6 15. Bh4 Qa5 16. Bxf6 Bxf6 17. Qe1 Qa6 18. Nd7 Bxc3 19. Qxc3 Ne4 20. Qd3 c4 21. Qd4 Rfd8 22. Nf6+ Nxf6 23. Qxf6 Qb6 24. Rfe1 Rab8 25. b3 Rdc8 26. Re2 cxb3 27. cxb3 Qc5 28. Qd4 1/2-1/2

[Event "GER CCM-E01-D email"]
[Site "GER email"]
[Date "2017.06.26"]
[Round "?"]
[White "Popov, Vladimir Valentinov"]
[Black "Pranitchi, Teodor"]
[Result "1-0"]
[WhiteElo "2075"]
[BlackElo "2189"]
[PlyCount "91"]
[EventDate "2017.??.??"]
[EventType "tourn (corr)"]
[EventRounds "13"]
[EventCountry "GER"]
[SourceTitle "Corr 2020"]
[Source "ChessBase"]
[SourceDate "2019.09.30"]
[SourceVersion "1"]
[SourceVersionDate "2019.09.30"]
[SourceQuality "1"]

1. e4 c6 2. d4 d6 3. c4 Qc7 4. Nc3 e5 5. Nf3 Bg4 6. Be3 Nd7 7. h3 Bh5 8. Be2 Ngf6 9. Qc2 Be7 10. g4 Bg6 11. Nh4 0-0 12. 0-0-0 Rfe8 13. Nxg6 hxg6 14. d5 Nb6 15. Kb1 cxd5 16. exd5 a6 17. b3 Nbd7 18. h4 b5 19. g5 Nh5 20. cxb5 Rec8 21. Rc1 axb5 22. Bxb5 Nf4 23. Qd2 Qd8 24. Bxf4 exf4 25. Qxf4 Ne5 26. Qe3 Qa5 27. a4 Bd8 28. Na2 Rxc1+ 29. Rxc1 Qb6 30. Qg3 f5 31. f4 Ng4 32. Nb4 Nf2 33. Nc6 Ne4 34. Qe1 Qb7 35. Qe2 Qf7 36. Qe3 Kh7 37. Kb2 Qb7 38. Qe2 Qf7 39. b4 Bb6 40. a5 Bf2 41. Bd3 Ba7 42. Bxe4 fxe4 43. h5 gxh5 44. Qxe4+ g6 45. Re1 Bf2 46. Re2 1-0

[Event "GER CCM-E01-D email"]
[Site "GER email"]
[Date "2017.06.26"]
[Round "?"]
[White "Pranitchi, Teodor"]
[Black "Garus, Edward"]
[Result "1/2-1/2"]
[WhiteElo "2189"]
[BlackElo "2139"]
[PlyCount "95"]
[EventDate "2017.??.??"]
[EventType "tourn (corr)"]
[EventRounds "13"]
[EventCountry "GER"]
[SourceTitle "Corr 2020"]
[Source "ChessBase"]
[SourceDate "2019.09.30"]
[SourceVersion "1"]
[SourceVersionDate "2019.09.30"]
[SourceQuality "1"]

1. d4 Nf6 2. Nf3 g6 3. g3 Bg7 4. Bg2 0-0 5. c4 d6 6. 0-0 Nbd7 7. Nc3 e5 8. e4 c6 9. h3 Qa5 10. Re1 exd4 11. Nxd4 Ne5 12. Bf1 Re8 13. Be3 Be6 14. Nxe6 Rxe6 15. Kg2 Rae8 16. Rb1 Ned7 17. f3 a6 18. b4 Qd8 19. Qd2 Qc7 20. Rbd1 a5 21. a3 Ra8 22. Bf2 Ne8 23. c5 axb4 24. axb4 dxc5 25. bxc5 Re7 26. Qc2 h5 27. Bc4 Ra5 28. Na4 Nef6 29. Nb6 h4 30. Nxd7 Nxd7 31. gxh4 Nf8 32. Rd3 Qf4 33. Be3 Qe5 34. Bd4 Qc7 35. Bxg7 Kxg7 36. Qc3+ Kh7 37. Red1 Rxc5 38. Rd8 Rxc4 39. Qxc4 Ne6 40. R8d6 Qa5 41. Rd7 Nf4+ 42. Kg3 Nh5+ 43. Kf2 Qe5 44. Rxe7 Qxe7 45. Ke3 Ng7 46. f4 c5 47. h5 Nxh5 48. Qd5 1/2-1/2

[Event "GER CCM-E01-D email"]
[Site "GER email"]
[Date "2017.06.26"]
[Round "?"]
[White "Pranitchi, Teodor"]
[Black "Rihtaric, Ivan"]
[Result "1-0"]
[WhiteElo "2189"]
[BlackElo "2181"]
[PlyCount "39"]
[EventDate "2017.??.??"]
[EventType "tourn (corr)"]
[EventRounds "13"]
[EventCountry "GER"]
[SourceTitle "Corr 2020"]
[Source "ChessBase"]
[SourceDate "2019.09.30"]
[SourceVersion "1"]
[SourceVersionDate "2019.09.30"]
[SourceQuality "1"]

1. d4 d5 2. Nf3 Nf6 3. e3 e6 4. Bd3 c5 5. b3 Be7 6. 0-0 Nc6 7. Bb2 g6 8. Nbd2 0-0 9. a3 b6 10. Ne5 Bb7 11. f4 Qc7 12. Qe2 Rac8 13. Rac1 Rfd8 14. Ndf3 Nxe5 15. Nxe5 cxd4 16. Bxd4 Ne4 17. Ng4 h5 18. Nh6+ Kf8 19. f5 exf5 20. Nxf5 1-0

[Event "GER CCM-E01-D email"]
[Site "GER email"]
[Date "2017.06.26"]
[Round "?"]
[White "Pranitchi, Teodor"]
[Black "Ruokokoski, Hannes"]
[Result "1/2-1/2"]
[WhiteElo "2189"]
[BlackElo "2214"]
[PlyCount "112"]
[EventDate "2017.??.??"]
[EventType "tourn (corr)"]
[EventRounds "13"]
[EventCountry "GER"]
[SourceTitle "Corr 2020"]
[Source "ChessBase"]
[SourceDate "2019.09.30"]
[SourceVersion "1"]
[SourceVersionDate "2019.09.30"]
[SourceQuality "1"]

1. d4 e6 2. Nf3 d5 3. e3 b6 4. c4 Nf6 5. Nc3 Bd6 6. b3 0-0 7. Bb2 Bb7 8. Bd3 Nbd7 9. 0-0 Re8 10. Rc1 dxc4 11. Bxc4 a6 12. a4 Qe7 13. Re1 Bb4 14. Qe2 c5 15. Red1 cxd4 16. Rxd4 Red8 17. Rcd1 h6 18. h3 Bc5 19. R4d2 Ne8 20. e4 Nd6 21. Bd3 Nf8 22. Ne5 f6 23. Nc4 Nf7 24. Qg4 Rac8 25. Ne2 Bb4 26. Rc2 b5 27. axb5 axb5 28. Ne3 Rxc2 29. Bxc2 Rxd1+ 30. Nxd1 Ne5 31. Bxe5 fxe5 32. Ng3 Bc6 33. Nb2 Bc3 34. Nd3 Qa3 35. Nh5 Qa7 36. b4 Qe7 37. Bb3 Be8 38. Ng3 Kh7 39. h4 Kh8 40. Ba2 Kh7 41. Bb3 Qd6 42. Nc5 Bxb4 43. Nxe6 Nxe6 44. Bxe6 Qf8 45. Nf5 Bc5 46. Qd1 g6 47. Ne3 Qe7 48. Ba2 Kg7 49. Qb3 Bf7 50. Qc2 Bxa2 51. Qxa2 Qxh4 52. Qd5 Qe7 53. Ng4 Bd4 54. Qxb5 h5 55. Nh2 Qa7 56. Qe2 Qa1+ 1/2-1/2